عرض عادي عرض مارك
  • Harley, Brendan A.

مدخل إسم شخص

عدد التسجيلات المستخدمة في: 1

001 - رقم الضبط

  • حقل الضبط: 12060

003 - معرف رقم الضبط

  • حقل الضبط: OSt

005 - تاريخ ووقت أخر عملية

  • حقل الضبط: 20120427190454.0

008 - عناصر بيانات ثابتة الطول

  • حقل تحكم ثابت الطول: 120427|||a|||||| | ||| d

040 ## - مصدر الفهرسة

  • هيئة الفهرسة الأصلية: OSt
  • وكالة الكتابة: OSt

100 ## - مدخل -- أسم شخص

  • إسم شخص: Harley, Brendan A.

670 ## - بيانات المصدر موجوده

  • الاستشهاد بالمصدر: Work cat.: (OSt)24213: Gibson, Lorna J. 12056, Cellular materials in nature and medicine /, 2010.